[Event "Lagan Spring IM"]
[Site "Lagan"]
[Date "2019.04.03"]
[Round "6"]
[White "Sharapov, Sanal"]
[Black "Pilavov, Georgy"]
[Result "0-1"]
[WhiteElo "2294"]
[BlackElo "2611"]
[PlyCount "52"]
[EventDate "2019.04.01"]
[EventType "tourn"]
[EventRounds "9"]
[EventCountry "RUS"]
[EventCategory "2"]
[SourceTitle "CBM 189 Extra"]
[Source "ChessBase"]
[SourceDate "2019.06.03"]
[SourceVersion "1"]
[SourceVersionDate "2019.06.03"]
[SourceQuality "1"]

1. d4 d5 2. c4 dxc4 3. Nf3 a6 4. a4 Nc6 5. e3 Na5 6. Nbd2 Be6 7. Ng5 Bd5 8. e4 e5 9. Ngf3 exd4 10. Nxd4 Bc5 11. Nf5 Qf6 12. Qg4 g6 13. exd5 gxf5 14. Qf4 0-0-0 15. Bxc4 Nxc4 16. Qxc4 Qe5+ 17. Qe2 Qxd5 18. 0-0 Nf6 19. Nf3 Rhe8 20. Qc2 Qd3 21. Qxd3 Rxd3 22. Bf4 Re4 23. Bg5 Nd5 24. Rad1 Rxd1 25. Rxd1 Rxa4 26. g3 c6 0-1

[Event "Lagan Spring IM"]
[Site "Lagan"]
[Date "2019.04.02"]
[Round "3"]
[White "Sharapov, Sanal"]
[Black "Strebkovs, Andrejs"]
[Result "1/2-1/2"]
[WhiteElo "2294"]
[BlackElo "2262"]
[PlyCount "39"]
[EventDate "2019.04.01"]
[EventType "tourn"]
[EventRounds "9"]
[EventCountry "RUS"]
[EventCategory "2"]
[SourceTitle "CBM 189 Extra"]
[Source "ChessBase"]
[SourceDate "2019.06.03"]
[SourceVersion "1"]
[SourceVersionDate "2019.06.03"]
[SourceQuality "1"]

1. d4 d5 2. c4 c6 3. Nf3 Nf6 4. Nc3 dxc4 5. a4 Bf5 6. Ne5 Na6 7. f3 Nd7 8. Nxc4 e5 9. Nxe5 Nxe5 10. e4 Nb4 11. dxe5 Be6 12. Qxd8+ Rxd8 13. Kf2 Nc2 14. Rb1 f6 15. exf6 Bc5+ 16. Kg3 gxf6 17. h4 Bd6+ 18. Kf2 Bc5+ 19. Kg3 Bd6+ 20. Kf2 1/2-1/2

[Event "Forni di Sopra op 5th"]
[Site "Forni di Sopra"]
[Date "2014.06.20"]
[Round "8"]
[White "D'Amore, Carlo"]
[Black "Sharapov, Sanal"]
[Result "1/2-1/2"]
[WhiteElo "2492"]
[BlackElo "2265"]
[PlyCount "191"]
[EventDate "2014.06.14"]
[EventType "swiss"]
[EventRounds "9"]
[EventCountry "ITA"]
[SourceTitle "CBM 160 Extra"]
[Source "ChessBase"]
[SourceDate "2014.07.01"]
[SourceVersion "1"]
[SourceVersionDate "2014.07.01"]
[SourceQuality "1"]

1. Nf3 Nf6 2. g3 d5 3. Bg2 e6 4. 0-0 Be7 5. d3 c5 6. Nbd2 Nc6 7. e4 0-0 8. Re1 Qc7 9. c3 b5 10. exd5 exd5 11. Nb3 Nd8 12. Bf4 Bd6 13. Bg5 Nd7 14. c4 Ne6 15. cxd5 Nxg5 16. Nxg5 Bb7 17. Rc1 Qb6 18. a4 bxa4 19. Nd2 Ba6 20. Qxa4 h6 21. Nge4 Ne5 22. Nxd6 Qxd6 23. Ne4 Qb6 24. Nxc5 Nxd3 25. Nxd3 Bxd3 26. Qa3 Bb5 27. Qc5 Qxc5 28. Rxc5 Rab8 29. Rd1 Rfc8 30. b4 Bd7 31. Rdc1 Rd8 32. R1c4 Bb5 33. Rd4 Rd6 34. Rc7 Rd7 35. Rc5 Rd6 36. h4 g5 37. hxg5 hxg5 38. Rc7 Rd7 39. d6 Rb6 40. Rc5 a6 41. Rxg5+ Kf8 42. Rgd5 Bc6 43. Bh3 Bxd5 44. Bxd7 Rxd6 45. Bh3 Ke7 46. Bf1 Ke6 47. f4 Rb6 48. Kf2 Bc6 49. Bc4+ Ke7 50. Bd3 Bb5 51. Bc2 Rc6 52. Bd1 Rc3 53. g4 f6 54. Re4+ Kf7 55. Re3 Rc1 56. Bb3+ Bc4 57. Re1 Rc3 58. Bd1 Bd5 59. Be2 Rb3 60. Rd1 Ke6 61. Rd4 Rb2 62. Ke3 Rb3+ 63. Bd3 Bc6 64. Kd2 Bb5 65. Kc2 Ra3 66. Bf5+ Kf7 67. Kd2 Rf3 68. Bc8 Rb3 69. Re4 Ra3 70. Be6+ Kf8 71. Re3 Ra1 72. Bd5 Rf1 73. Bf3 Rb1 74. Kc3 Rc1+ 75. Kb2 Rg1 76. Kc2 Bd7 77. Be2 Bb5 78. Bxb5 axb5 79. Re6 Rxg4 80. Rxf6+ Ke7 81. Rf5 Ke6 82. Rxb5 Rxf4 83. Kb3 Rf8 84. Rc5 Kd7 85. Ka4 Ra8+ 86. Ra5 Rb8 87. Ra6 Kc7 88. Ka5 Rh8 89. Rb6 Ra8+ 90. Ra6 Rh8 91. Ra7+ Kb8 92. Rg7 Rh6 93. b5 Rf6 94. Rg8+ Kb7 95. Rg7+ Kb8 96. Rg8+ 1/2-1/2

[Event "Elista Molozhay Memorial"]
[Site "Elista"]
[Date "2009.07.17"]
[Round "6"]
[White "Sharapov, Sanal"]
[Black "Barsegian, Ararat"]
[Result "0-1"]
[WhiteElo "2298"]
[BlackElo "2195"]
[PlyCount "70"]
[EventDate "2009.07.14"]
[EventType "tourn"]
[EventRounds "9"]
[EventCountry "RUS"]
[EventCategory "3"]
[SourceTitle "EXT 2022"]
[Source "ChessBase"]
[SourceDate "2021.10.06"]
[SourceVersion "1"]
[SourceVersionDate "2021.10.06"]
[SourceQuality "1"]

1. d4 Nf6 2. c4 c5 3. Nf3 cxd4 4. Nxd4 b6 5. Nc3 Bb7 6. f3 a6 7. e4 d6 8. Be2 e6 9. 0-0 Nbd7 10. Be3 Be7 11. Qd2 Qc7 12. Rfc1 0-0 13. b4 Rac8 14. Nb3 Qb8 15. Kh1 Bd8 16. Rc2 Bc7 17. Bg1 Rfd8 18. Na4 Bc6 19. Nb2 Bb7 20. Na4 Bc6 21. Nb2 Ne5 22. a4 d5 23. exd5 exd5 24. c5 Nc4 25. Qe1 Nxb2 26. Rxb2 Be5 27. Nd4 bxc5 28. Bxa6 cxd4 29. f4 Bxf4 30. Bxc8 Rxc8 31. b5 d3 32. Bd4 Bd7 33. b6 Ne4 34. b7 Rc2 35. g3 d2 0-1